Statistics for Number 1 by Region

Click here to take the quiz!

General Stats

  • This quiz has been taken 61 times
  • The average score is 10 of 15

Answer Stats

HintAnswer% Correct
Biggest country by AreaDR Congo
91%
Biggest country by populationNigeria
91%
Biggest country by areaCuba
88%
Biggest country by AreaSaudi Arabia
88%
Biggest country by populationIran
86%
Biggest country by populationCuba
82%
Biggest city by populationLagos
80%
Highest mountainMount Kilimanjaro
80%
Richest country by GDP per capitaQatar
75%
Biggest city by populationSanto Domingo
70%
Biggest city by populationIstanbul
59%
Richest country by GDP per capitaBahamas
55%
Richest country by GDP per capitaEquatorial Guinea
38%
Highest MountainPico Duarte
2%
Highest MountainMount Damavand
0%

Score Distribution

Percentile by Number Answered

Percent of People with Each Score

Your Score History

You have not taken this quiz